Automoviles ayer, hoy, mañana

Uloženo v:
Podrobná bibliografie
Hlavní autor: Angelucci, Enzo (Autor)
Médium: Kniha
Jazyk:španělština
Vydáno: Barcelona Argos 1965
Témata:
Tagy: Přidat tag
Žádné tagy, Buďte první, kdo vytvoří štítek k tomuto záznamu!

MARC

LEADER 00000nam a2200000 a 4500
001 UCU6774
003 CL-VaPUC
008 960621e19650000SP |||||||||||||||||spa|d
082 0 4 |a 629.22  |b ANG  |2 21 
100 0 |a Angelucci, Enzo  |e author  |9 365155 
245 1 0 |a Automoviles ayer, hoy, mañana 
300 |a 163 p 
942 |c BK 
945 |d 19960621 00:00:00  |a paguirre 
260 |a Barcelona  |b Argos  |c 1965 
650 0 |a Vehículos de motor  |9 428686 
650 0 |a Automóviles  |9 260871 
650 0 |a Historia  |9 255047 
650 0 |a Ingeniería mecánica   |9 262089 
650 7 |a TECNOLOGIA AUTOMOVILISTICA  |2 CL-VaPUC  |9 358675 
583 |a last modification  |c 19960621 00:00:00  |k Rodrigo Vera 
999 |c 249591  |d 249589 
952 |0 0  |1 0  |4 0  |6 629_220000000000000_ANG_1965  |7 0  |8 A  |9 266909  |a BIBING  |b BIBING  |d 2019-11-19  |i 1691163  |o 629.22 ANG 1965  |p 1691163  |r 2025-01-20  |w 2019-11-19  |y BK  |k TRA